ជំនឿនិងហុងស៊ុយ / (Record no. 6708)
[ view plain ]
| 000 -LEADER | |
|---|---|
| fixed length control field | 01461nam a22002177a 4500 |
| 001 - CONTROL NUMBER | |
| control field | 6708 |
| 003 - CONTROL NUMBER IDENTIFIER | |
| control field | FISKH |
| 005 - DATE AND TIME OF LATEST TRANSACTION | |
| control field | 20250521141232.0 |
| 008 - FIXED-LENGTH DATA ELEMENTS--GENERAL INFORMATION | |
| fixed length control field | 250521b cb ||||| |||| 00| 0 eng d |
| 040 ## - CATALOGING SOURCE | |
| Original cataloging agency | FISKH |
| Language of cataloging | khr |
| Transcribing agency | FISKH |
| Modifying agency | FISKH |
| 082 ## - DEWEY DECIMAL CLASSIFICATION NUMBER | |
| Classification number | 800 |
| 100 ## - MAIN ENTRY--PERSONAL NAME | |
| Personal name | Namhong, Soeung |
| 245 ## - TITLE STATEMENT | |
| Title | ជំនឿនិងហុងស៊ុយ / |
| Statement of responsibility, etc. | សុឺង ណាំហុង |
| 260 ## - PUBLICATION, DISTRIBUTION, ETC. | |
| Place of publication, distribution, etc. | ភ្នំពេញ : |
| Name of publisher, distributor, etc. | សុឺង ណាំហុង , |
| Date of publication, distribution, etc. | ២០១៣ . |
| 300 ## - PHYSICAL DESCRIPTION | |
| Extent | 221 pages : |
| Other physical details | color illustrations ; |
| Dimensions | 21 cm . |
| 520 ## - SUMMARY, ETC. | |
| Summary, etc. | សៀវភៅ «ជំនឿនិងហុងស៊ុយ» គឺជាការប្រមូលផ្តុំចំណេះដឹងអំពីជំនឿប្រពៃណីខ្មែរ និងវិទ្យាសាស្ត្រហុងស៊ុយ ដែលផ្តោតលើការប្រើប្រាស់ធាតុធម្មជាតិ ដូចជាខ្យល់ និងទឹក ដើម្បីបង្កើតបរិយាកាសល្អសម្រាប់ជីវិតប្រចាំថ្ងៃ។ |
| 520 ## - SUMMARY, ETC. | |
| Summary, etc. | The book "Beliefs and Hong Shui" is a compilation of knowledge about traditional Khmer beliefs and the science of Feng Shui, focusing on the use of natural elements such as wind and water to create a positive environment for daily life. |
| 650 ## - SUBJECT ADDED ENTRY--TOPICAL TERM | |
| Topical term or geographic name entry element | ជំនឿនិងហុងស៊ុយ |
| 942 ## - ADDED ENTRY ELEMENTS (KOHA) | |
| Source of classification or shelving scheme | Dewey Decimal Classification |
| Koha item type | Khmer Books |
| Suppress in OPAC | No |
| Withdrawn status | Lost status | Source of classification or shelving scheme | Damaged status | Not for loan | Collection | Home library | Current library | Shelving location | Date acquired | Total Checkouts | Full call number | Barcode | Date last seen | Price effective from | Koha item type |
|---|---|---|---|---|---|---|---|---|---|---|---|---|---|---|---|
| Dewey Decimal Classification | Khmer Language Books / សៀវភៅភាសាខ្មែរ | Footprints International School Library Network Toul Tom Poung Campus | Footprints International School Library Network Toul Tom Poung Campus | TTP Secondary Khmer Bookshelves | 05/21/2025 | NAM 800 | FIS03784 | 05/21/2025 | 05/21/2025 | Khmer Books |
